Normal view
MARC view
- Mehmood, Capt Tanveer, ( TCC-13)
Entry Personal Name
001 - CONTROL NUMBER
- control field: 131328
003 - CONTROL NUMBER IDENTIFIER
- control field: NUST
005 - DATE AND TIME OF LATEST TRANSACTION
- control field: 20251021124104.0
008 - FIXED-LENGTH DATA ELEMENTS
- fixed length control field: 251021|| aca||aabn | a|a d
040 ## - CATALOGING SOURCE
- Original cataloging agency: NUST
- Transcribing agency: NUST
100 ## - HEADING--PERSONAL NAME
- Personal name: Mehmood, Capt Tanveer, ( TCC-13)
670 ## - SOURCE DATA FOUND
- Source citation: Work cat.: (NUST)188636: Mehmood, Capt Tanveer, ( TCC-13), Design and implication of campus pager system /, 2005
